Le mal qu'on a dit des médecins / (Record no. 167956)

MARC details
000 -LEADER
campo de control de longitud fija 00819nam a22002175i 4500
001 - NÚMERO DE CONTROL
campo de control 167956
003 - IDENTIFICADOR DE NÚMERO DE CONTROL
campo de control ES-MaACL
005 - FECHA Y HORA DE LA ÚLTIMA TRANSACCIÓN
campo de control 20230906213637.0
008 - DATOS DE LONGITUD FIJA--INFORMACIÓN GENERAL
campo de control de longitud fija 051003m18841885fr a | |||||||| ||fre d
040 ## - FUENTE DE CATALOGACIÓN
Centro catalogador/agencia de origen CAM
Lengua de catalogación spa
Centro/agencia transcriptor CAM
080 ## - NÚMERO DE LA CLASIFICACIÓN DECIMAL UNIVERSAL
Número de la Clasificación Decimal Universal 614.23(0:82
080 ## - NÚMERO DE LA CLASIFICACIÓN DECIMAL UNIVERSAL
Número de la Clasificación Decimal Universal 61(0:82
100 1# - ENTRADA PRINCIPAL--NOMBRE DE PERSONA
Nombre de persona Witkowski, Gustave Joseph.
9 (RLIN) 133949
245 13 - MENCIÓN DEL TÍTULO
Título Le mal qu'on a dit des médecins /
Mención de responsabilidad, etc. G.-J. Witkowski.
260 ## - PUBLICACIÓN, DISTRIBUCIÓN, ETC.
Lugar de publicación, distribución, etc. Paris :
Nombre del editor, distribuidor, etc. C. Marpon et E. Flammarion éditeurs,
Fecha de publicación, distribución, etc. 1884-1885 (
Fabricante Typ. Ch. Unsinger)
300 ## - DESCRIPCIÓN FÍSICA
Extensión 2 v. :
Otras características físicas il. ;
Dimensiones 16 cm.
505 8# - NOTA DE CONTENIDO CON FORMATO
Nota de contenido con formato Contiene: 1e série: Auteurs grecs & latins (VII, 239 p.) - 2e série: Auteurs français jusqu'a Molière et ses contemporains (XII, 369 p.)
650 #4 - PUNTO DE ACCESO ADICIONAL DE MATERIA--TÉRMINO DE MATERIA
Término de materia o nombre geográfico como elemento de entrada Médicos-
Subdivisión general En la literatura.
9 (RLIN) 168324
650 #4 - PUNTO DE ACCESO ADICIONAL DE MATERIA--TÉRMINO DE MATERIA
Término de materia o nombre geográfico como elemento de entrada Medicina-
Subdivisión general En la literatura.
9 (RLIN) 14923
852 ## - LOCALIZACIÓN
Ubicación ES-MaACL
Número de control de estantería F-279-80
Holdings
Estatus retirado Estado de pérdida Estado de daño No para préstamo Colección Biblioteca de origen Biblioteca actual Ubicación en estantería Fecha de adquisición Total de préstamos Signatura topográfica completa Código de barras Visto por última vez Precio de reemplazo Tipo de ítem Koha
        Libros del s. XIX Biblioteca del Ateneo de Madrid Biblioteca del Ateneo de Madrid Depósito 2 17/01/2008   F-279-80 1176205 23/02/2023 23/02/2023 Libro impreso antiguo